PSYCHOLOGY FOR NURSES (Record no. 10855)
[ view plain ]
| 000 -LEADER | |
|---|---|
| fixed length control field | 00335nam a22001577a 4500 |
| 003 - CONTROL NUMBER IDENTIFIER | |
| control field | SGT |
| 020 ## - INTERNATIONAL STANDARD BOOK NUMBER | |
| International Standard Book Number | 978-93-5090-294-3 |
| 082 ## - DEWEY DECIMAL CLASSIFICATION NUMBER | |
| Classification number | 150 |
| Item number | P15S |
| 100 ## - MAIN ENTRY--PERSONAL NAME | |
| Personal name | SREEVANI, R. |
| 245 ## - TITLE STATEMENT | |
| Title | PSYCHOLOGY FOR NURSES |
| 250 ## - EDITION STATEMENT | |
| Edition statement | 2ND |
| 260 ## - PUBLICATION, DISTRIBUTION, ETC. (IMPRINT) | |
| Place of publication, distribution, etc | INDIA |
| Name of publisher, distributor, etc | JAYPEE |
| Year of Publication | 2015 |
| 300 ## - PAGE DESCRIPTION | |
| No. of Pages | 229 |
| 650 ## - SUBJECT ADDED ENTRY--TOPICAL TERM | |
| Topical term or geographic name as entry element | PSYCHOLOGY |
| 942 ## - ADDED ENTRY ELEMENTS (KOHA) | |
| Source of classification or shelving scheme | Dewey Decimal Classification |
| Koha item type | Books |
| 942 ## - ADDED ENTRY ELEMENTS (KOHA) | |
| -- | 308 |
| Withdrawn status | Lost status | Source of classification or shelving scheme | Damaged status | Not for loan | Collection code | Home library | Current library | Shelving location | Date acquired | Vendor Name | Cost, normal purchase price | SGTU | Bill Number | Total Checkouts | Full call number | Accession No. (Barcode) | Date last seen | Date last borrowed | Bill Date | Koha item type | Checked out | Total Renewals |
|---|---|---|---|---|---|---|---|---|---|---|---|---|---|---|---|---|---|---|---|---|---|---|
| Dewey Decimal Classification | NURSING | SGT Medical Library | SGT Medical Library | Text Book | 09/02/2017 | ABC | 350.00 | SGTU | 7429 | 90 | 150 P15S | FN3266 | 10/01/2026 | 25/12/2025 | 04/11/2016 | Books | ||||||
| Dewey Decimal Classification | NURSING | SGT Medical Library | SGT Medical Library | Text Book | 09/02/2017 | ABC | 350.00 | SGTU | 7429 | 76 | 150 P15S | FN3267 | 10/01/2026 | 23/12/2025 | 04/11/2016 | Books | ||||||
| Dewey Decimal Classification | NURSING | SGT Medical Library | SGT Medical Library | Text Book | 09/02/2017 | ABC | 350.00 | SGTU | 7429 | 67 | 150 P15S | FN3268 | 10/01/2026 | 24/12/2025 | 04/11/2016 | Books | ||||||
| Dewey Decimal Classification | NURSING | SGT Medical Library | SGT Medical Library | Text Book | 09/02/2017 | ABC | 350.00 | SGTU | 7429 | 55 | 150 P15S | FN3269 | 03/12/2025 | 03/12/2025 | 04/11/2016 | Books | 17/12/2025 | |||||
| Dewey Decimal Classification | NURSING | SGT Medical Library | SGT Medical Library | Text Book | 09/02/2017 | ABC | 350.00 | SGTU | 7429 | 38 | 150 P15S | FN3270 | 23/01/2026 | 08/01/2026 | 04/11/2016 | Books | ||||||
| Dewey Decimal Classification | NURSING | SGT Medical Library | SGT Medical Library | Text Book | 09/02/2017 | ABC | 350.00 | SGTU | 7429 | 50 | 150 P15S | FN3271 | 10/01/2026 | 24/12/2025 | 04/11/2016 | Books | ||||||
| Dewey Decimal Classification | NURSING | SGT Medical Library | SGT Medical Library | Text Book | 09/02/2017 | ABC | 350.00 | SGTU | 7429 | 79 | 150 P15S | FN3272 | 12/01/2026 | 24/12/2025 | 04/11/2016 | Books | 5 | |||||
| Dewey Decimal Classification | NURSING | SGT Medical Library | SGT Medical Library | Text Book | 09/02/2017 | ABC | 350.00 | SGTU | 7429 | 71 | 150 P15S | FN3273 | 10/01/2026 | 07/01/2026 | 04/11/2016 | Books | ||||||
| Dewey Decimal Classification | NURSING | SGT Medical Library | SGT Medical Library | Text Book | 09/02/2017 | ABC | 350.00 | SGTU | 7429 | 75 | 150 P15S | FN3274 | 15/01/2026 | 23/12/2025 | 04/11/2016 | Books | ||||||
| Dewey Decimal Classification | NURSING | SGT Medical Library | SGT Medical Library | Text Book | 09/02/2017 | ABC | 350.00 | SGTU | 7429 | 74 | 150 P15S | FN3275 | 10/01/2026 | 24/12/2025 | 04/11/2016 | Books | 1 |